| 000 | 01491cam a22002294a 4500 | ||
|---|---|---|---|
| 020 | _a9780521191487 (hbk.) | ||
| 082 | 0 | 0 | _a344.5101 |
| 100 | 1 | _aBrown, Ronald C. | |
| 245 | 1 | 0 |
_aUnderstanding labor and employment law in China / _cRonald C. Brown. |
| 260 |
_aCambridge ; _aNew York, NY : _bCambridge University Press, _c2010. |
||
| 300 |
_axiv, 332 p. : _bforms ; _c24 cm. |
||
| 504 | _aIncludes bibliographical references and index. | ||
| 650 | 0 |
_aLabor laws and legislation _955118 |
|
| 650 | 0 |
_aNLS2024, NLSETEXTBOOKS, NLSEBOOKBANK | _9126870 |
|
| 650 | 0 | _9108122 | |
| 856 | _uhttp://10.250.8.41:8080/xmlui/handle/123456789/47849 | ||
| 942 |
_2ddc _cBK |
||
| 999 |
_c541011 _d541011 |
||